00326nam a2200133Ia 4500008004100000020001500041041001200056100001400068245004500082250000800127260003900135300000800174650001000182221030s9999 xx 000 0 und d a1259062562 aEnglish aP. K. Nag 0aEngineering Thermodynamicscby P. K. Nag a5th bMc Graw-Hill Pub.aNew Delhic2013 a914 aCivil